Riconosci il Pokémon - Quiz n°434 - Statistics

Statistiche generali
  • Questo quiz è stato fatto 0 volte
  • Il punteggio medio è 0 su 10
Statistiche sulle risposte
Indizio Risposta % Corretto
Altezza 0,5 m
0%
Peso 11,0 kg; 161,0 kg (Megaevoluzione)
0%
Tasso di cattura 45 (11.9%)
0%
Sesso 50% ♂, 50% ♀
0%
Tipo Buio / Spettro
0%
Tasso di allevamento Medio-Lento
0%
Stadio evoluzione Non si evolve
0%
Pokémon Sableye
0%
Abilità Sguardofermo; Rallentatore, Burla; Magispecchio (Megaevoluzione)
0%
Generazione Terza
0%
Nessun quiz corrispondente trovato
Distribuzione punteggi
Percentuale di utenti per punteggio
Percentile per numero di risposta
I tuoi punteggi nel tempo
Non hai fatto questo quiz